| 000 | 01000cam a2200301 i 4500 | ||
|---|---|---|---|
| 999 |
_c26919 _d26919 |
||
| 001 | 18799422 | ||
| 003 | NUST | ||
| 005 | 20170530121314.0 | ||
| 008 | 150930s2015 pk b 000 0 eng | ||
| 010 | _a 2015328109 | ||
| 020 | _a9789698611170 | ||
| 025 | _aP-E-2015328109; 12 | ||
| 037 | _bLibrary of Congress -- Islamabad Overseas Office | ||
| 040 |
_aDLC _bDLC _cRCMS _e |
||
| 042 |
_alcode _apcc |
||
| 050 | 0 | 0 |
_a 491.4283421 SHA _b.S517 2015 |
| 082 | _a491.4283421 SHA | ||
| 100 | 1 |
_aDr. Safdar Ali Shah. _d1948- _eauthor. _98627 |
|
| 245 | 1 | 0 |
_aPunjabi grammar / _cDr. Safdar Ali Shah. |
| 260 |
_aIslamabad: _bNUST publishing; _c2015. |
||
| 300 |
_axx, 167 p. _c22 cm |
||
| 440 |
_aPunjabi grammar _91597 |
||
| 504 | _aIncludes bibliographical references (pages 159-167). | ||
| 538 | _iShelf # 13, Row # 4, Fiction. | ||
| 650 | 0 |
_aPanjabi language _xGrammar. _98628 |
|
| 710 | 2 |
_aNational University of Sciences and Technology (Islāmābād, Pakistan) _98629 |
|
| 856 | _3Table of Contents Only. | ||
| 906 |
_a7 _bcbc _corigode _d3 _encip _f20 _gy-gencatlg |
||
| 942 |
_2ddc _cBK _h491.4283421 SHA |
||